El hombre y la cultura andina : (Record no. 5274)

000 -CABECERA
fixed length control field 00981nam a22002417a 4500
003 - IDENTIFICADOR DEL NÚMERO DE CONTROL
control field AR-CdUCM
008 - DATOS DE LONGITUD FIJA--INFORMACIÓN GENERAL
fixed length control field 190312b ||||| |||| 00| 0 spa d
040 ## - FUENTE DE LA CATALOGACIÓN
Agencia/entidad que catalogó originalmente la obra MUNICIPALIDAD PROVINCIAL DEL CUSCO
Entidad que transcribió la catalogación BIBLIOTECA MUNICIPAL DEL CUSCO
082 ## - NÚMERO DE LA CLASIFICACIÓN DECIMAL DEWEY
No. de Clasificación 980.530063 /
Notacion interna C 3
110 ## - ENTRADA PRINCIPAL--NOMBRE DE ENTIDAD CORPORATIVA
Nombre de la institución, jurisdicción como entrada principal Congreso Peruano: El hombre y la cultura andina.
9 (RLIN) 15950
245 ## - MENCIÓN DE TÍTULO
Título El hombre y la cultura andina :
Resto del título actas y trabajos ( tercer congreso peruano) /
246 ## - FORMA VARIANTE DE TÍTULO
Título propiamente dicho/Título corto III Congreso peruano.
260 ## - PUBLICACIÓN, DISTRIBUCIÓN, ETC.
Lugar de publicación, distribución, etc. Lima :
Nombre de la editorial, distribuidor, etc. Editora Lasontay,
Fecha de publicación, distribución, etc. 1978-1980.
300 ## - DESCRIPCIÓN FÍSICA
Nº de Páginas Extensión 1076 páginas ;
Dimensiones 20.5 cm.
505 ## - NOTA DE CONTENIDO CON FORMATO
Nota de contenido formateada Contenido: Antropología física -- Alimentación y recursos naturales -- Urbanización contemporánea -- Historia del arte popular -- Folklore -- Lingüística ...
650 ## - PUNTO DE ACCESO ADICIONAL DE MATERIA--TÉRMINO DE MATERIA
Descriptor Cultura andina
9 (RLIN) 5789
650 ## - PUNTO DE ACCESO ADICIONAL DE MATERIA--TÉRMINO DE MATERIA
Descriptor Hombre - Sociedad andina
9 (RLIN) 15951
650 ## - PUNTO DE ACCESO ADICIONAL DE MATERIA--TÉRMINO DE MATERIA
Descriptor Ande
9 (RLIN) 3601
650 ## - PUNTO DE ACCESO ADICIONAL DE MATERIA--TÉRMINO DE MATERIA
Descriptor Perú - Cultura
9 (RLIN) 15952
700 ## - PUNTO DE ACCESO ADICIONAL--NOMBRE DE PERSONA
Nombre Personal Matos M., Ramiro (Editor)
9 (RLIN) 15953
942 ## - ELEMENTOS DE PUNTO DE ACCESO ADICIONAL (KOHA)
Fuente de clasificación
Tipo de item Libros-BMC
945 ## - PROCESAMIENTO DE INFORMACIÓN LOCAL (OCLC)
Catalogador lccs
Holdings
Estado de retiro (separado) Fuente de clasificación o esquema de estanterías Estado dañado Ubicación Sala donde se ubica Nombre de la colección Fecha de adquisición o compra Costo, precio normal en soles Signatura topográfica Código de Barras Última vez visto (Koha) Tipo de ítem (Koha)
No     Sala Humanidades Sala Humanidades Book Cart 2019-03-12 35.00 980.530063 / C3 / t.5 SH0000005719 2019-03-12 Libros-BMC
No     Sala Humanidades Sala Humanidades Book Cart 2019-05-13 35.00 980.530063 / C3 / t.1 SH0000013431 2019-05-13 Libros-BMC

Powered by Koha